Po jesennom spočítaní v roku 2001

Bibliographic Details
Main Author: Kováč, Jozef (zoológ) (Author)
Format: Article
Language:Slovak
PhysicalDescription:Fotogr.
ISSN:1335-6828
Subjects:

MARC

LEADER 00000nab a2200000 a 4500
001 vtls000803934
003 SK-MaSNL
005 20260303163849.0
008 040806c2002 xo 0 slo
015 |a SNBRB2002/09-26449 
035 |a CLN000155589 
040 |a SNKBUCL  |b slo  |c SNKBUCL  |e AACR2 
041 0 |a slo 
044 |a xo  |c SK 
080 |a 599.735.5(437.6):502.4  |2 UDC-MRF-SK2 
080 |a 502.743(437.6)  |2 UDC-MRF-SK2 
080 |a 502.4(437.6)  |2 UDC-MRF-SK2 
100 1 |a Kováč, Jozef  |c (zoológ)  |4 aut  |9 208417 
245 1 0 |a Po jesennom spočítaní v roku 2001  |c Jozef Kováč 
300 |b Fotogr. 
650 0 7 |a kamzík vrchovský tatranský  |2 snkbucl  |9 29397 
651 7 |a Tatranský národný park (Slovensko)  |2 snkbucl  |9 106968 
655 7 |a články z novín a časopisov  |2 snkbucl  |9 267496 
773 0 |x 1335-6828  |t Tatry  |g Roč. 41, č. 2 (2002), s. 8-9 
850 |a Slovenská národná knižnica v Martine 
852 |a SNK  |b KIS3GCP 
999 |c 2061809  |d 2063739